2025 Concacaf Gold Cup teams - Statistics

General Stats
  • This quiz has been taken 44 times
  • The average score is 13 of 16
Answer Stats
Group Team % Correct
B Canada
100%
A Mexico
100%
D United States
100%
A Costa Rica
94%
B Honduras
94%
C Panama
94%
C Guatemala
92%
C Jamaica
89%
D Trinidad and Tobago
89%
B El Salvador
86%
A Dominican Republic
78%
D Haiti
78%
A Suriname
69%
B Curaçao
61%
C Guadeloupe
58%
D Saudi Arabia
56%
No matching quizzes found
Score Distribution
Percent of People with Each Score
Percentile by Number Answered
Your Score History
You have not taken this quiz